Damascena (Registo nº 201337)

Detalhes MARC
000 -Etiqueta do registo
Valores 00641nam 22002413 4500
021 ## - Número do Depósito Legal
Código do país Portugal
100 ## - Dados gerais de processamento
Dados gerais 20250708d u||y0pory50 ba
101 ## - Língua de publicação
Língua Português
102 ## - País de publicação
País Portugal
200 ## - Titulo e menção de responsabilidade
Título próprio Damascena
Primeira menção de responsabilidade Mário Cláudio
205 ## - Menção da edição
Edição 38
210 ## - Publicação
Local de publicação Lisboa
Nome do editor Contexto
Data de publicação cop. 1983
215 ## - Descrição física 
Paginação / Volumes 94, [5] p.
Outras indicações físicas brochado
Dimensões 21 cm
225 ## - Colecção 
Título próprio da colecção Contexto / de Prosa
300 ## - Notas gerais 
Texto da nota Contém dedicatória na página de rosto
606 ## - Nome comum usado como assunto
Palavra de ordem Literatura Portuguesa
ID Autoridade 6
675 ## - CDU
Notação 821.134.3-31
Edição PT
Língua por
700 ## - Autor principal (pessoa individual)
ID Autoridade 3761
Apelido Cláudio
Nome Mário
Datas 1941-
801 ## - Fonte de origem
País PT
Agência BMMN
Regras de catalogação RPC
830 ## - Notas gerais do catalogador
Criado por Ana Falardo
Indexado por Ana Falardo
990 ## - Elementos KOHA
Tipo de documento Livro
Exemplares
Situação do levantamento Biblioteca de origem Código de barras Cota Permissão de empréstimo Tipo de documento Nota relativa ao exemplar Forma de aquisição
  Biblioteca Municipal de Montemor-o-Novo 30655 821.134.3-3 CLA|SAF   Livro Acesso condicionado Oferta

Powered by Koha